000 01013nam a2200337Mi 4500
001 72313
005 20230410123658.0
008 010625s2001 fr 000 0 fre d
035 _a(OCoLC)ocn248454493
040 _aGyGoGBV
_erakwb
_bger
_cGBVCP
020 _a2724608267
020 _a9782724608267
035 _a(OCoLC)248454493
050 1 4 _aJA71
082 0 0 _a320
084 _a08.45 ; Politische Philosophie
_2bcc
084 _a3,6
_2ssg
050 1 4 _aL455p 2001
100 1 _aLeca, Jean.
245 1 0 _aPour(quoi) la philosophie politique /
_cJean Leca.
260 _aParis :
_bPresses de Sciences PO,
_c2001.
300 _a297 S.
440 0 _aPetit traité de théorie et de science politique ;
_v1
653 0 _aPolitical science
_aPhilosophy
653 0 _aPolitische Philosophie ; SWD-ID: 40762269
653 0 _aPolitische Wissenschaft ; SWD-ID: 40762294
856 4 _uhttp://www.gbv.de/dms/sub-hamburg/330846612.pdf
942 _2lcc
_cbk
946 _amfcruz
994 _aC0
_bDRFGD
999 _c66150
_d66150